00330nam a2200121Ia 45000030006000000080041000060400015000471000026000622450071000882600020001595460012001790050017001910STCL150530s9999 xx 000 0 und d aSTCLcSTCL aHarry Gunniison Brown aInternational trade a study of the economic advantages of commerce bMacmillanc1920 aEnglish20220125165543.0